Quản lý hành chánh công
Sách cung cấp cho sinh viên những kiến thức cơ bản về quản lí hành chính công, về công nghệ hành chính; trang bị những kiến thức nghiệp vụ về quản lí hành chính công trong các lĩnh vực kinh tế, tài chính - tiền tệ, kế toán, kiểm toán. Đồ...
Saved in:
| Main Author: | |
|---|---|
| Format: | Book |
| Language: | Undetermined |
| Published: |
Hà Nội
Tài chính
2006
|
| Subjects: | |
| Tags: |
Add Tag
No Tags, Be the first to tag this record!
|
| Institutions: | Trung tâm Học liệu Trường Đại học Cần Thơ |
|---|
| LEADER | 01219nam a2200217Ia 4500 | ||
|---|---|---|---|
| 001 | CTU_118959 | ||
| 008 | 210402s9999 xx 000 0 und d | ||
| 020 | |c 20000 | ||
| 082 | |a 351.09597 | ||
| 082 | |b Qu605 | ||
| 100 | |a Bùi, Văn Quyết | ||
| 245 | 0 | |a Quản lý hành chánh công | |
| 245 | 0 | |c Bùi Văn Quyết | |
| 260 | |a Hà Nội | ||
| 260 | |b Tài chính | ||
| 260 | |c 2006 | ||
| 520 | |a Sách cung cấp cho sinh viên những kiến thức cơ bản về quản lí hành chính công, về công nghệ hành chính; trang bị những kiến thức nghiệp vụ về quản lí hành chính công trong các lĩnh vực kinh tế, tài chính - tiền tệ, kế toán, kiểm toán. Đồng thời, môn học cũng đưa ra những quan điểm, đường lối, chính sách của Đảng và Nhà nước ta về những nội dung cần phải tiến hành đối với cải cách hành chính công hiện nay của đất nước. | ||
| 650 | |a Finance, public | ||
| 650 | |x Management | ||
| 904 | |i Minh | ||
| 980 | |a Trung tâm Học liệu Trường Đại học Cần Thơ | ||